Computer Archintecture & Parallel Processing (Record no. 17130)
[ view plain ]
| 000 -LEADER | |
|---|---|
| fixed length control field | 00396nam a2200157Ia 4500 |
| 008 - FIXED-LENGTH DATA ELEMENTS--GENERAL INFORMATION | |
| fixed length control field | 221030s9999 xx 000 0 und d |
| 020 ## - INTERNATIONAL STANDARD BOOK NUMBER | |
| ISBN | 125902914X |
| 041 ## - LANGUAGE CODE | |
| Language code of text/sound track or separate title | |
| 100 ## - MAIN ENTRY--AUTHOR NAME | |
| Personal name | K. Hwang |
| 245 #0 - TITLE STATEMENT | |
| Title | Computer Archintecture & Parallel Processing |
| Statement of responsibility, etc | by K. Hwang, F. A. Briggs |
| 260 ## - PUBLICATION, DISTRIBUTION, ETC. (IMPRINT) | |
| Name of publisher | TMH |
| Place of publication | New Delhi |
| Year of publication | 2015 |
| 300 ## - PHYSICAL DESCRIPTION | |
| Number of Pages | 846 |
| 650 ## - SUBJECT ADDED ENTRY--TOPICAL TERM | |
| Topical Term | IT |
| 700 ## - ADDED ENTRY--PERSONAL NAME | |
| Personal name | F. A. Briggs |
| 942 ## - ADDED ENTRY ELEMENTS (KOHA) | |
| Koha item type | Books |
| Accession Number | Cost, normal purchase price | Bill Date | Source of acquisition | Price effective from | Koha item type | Withdrawn / writtenoff status | Materials specified (bound volume or other part) | Damaged status | Not for loan | Permanent Location | Current Location | Shelving location | Date acquired | Lost/ Missing status | department |
|---|---|---|---|---|---|---|---|---|---|---|---|---|---|---|---|
| BE 14828 | 799.00 | 11562 | RKB | 10/30/2022 | Books | MIET Library, Jammu | MIET Library, Jammu | BL-Academic Block B, FL-2, CUP-167, SH-6, R-6 | 12/16/2016 | BE | |||||
| BE 14829 | 799.00 | 11562 | RKB | 10/30/2022 | Books | MIET Library, Jammu | MIET Library, Jammu | BL-Aacdemic Block B, FL-2, CUP-167, SH-6, R-6 | 12/16/2016 | BE | |||||
| BE 14830 | 799.00 | 11562 | RKB | 10/30/2022 | Books | MIET Library, Jammu | MIET Library, Jammu | BL-Academic Block B, FL-2, CUP-167, SH-6, R-6 | 12/16/2016 | BE |